000 00319nam a22001337a 4500
008 170721b xxu||||| |||| 00| 0 eng d
020 _a9780132357890
041 _aeng
080 _a004
100 _a28
101 _aSHKI
245 _aDECISION SUPPORT AND EXCECUTIVE INFORMATION SYSTEMS
_cGRAY, P
942 _2udc
_cBK
999 _c21722
_d21722